| 000 | 00569nam a2200205 a 4500 | ||
|---|---|---|---|
| 005 | 20231017063818.0 | ||
| 008 | 020911s1999 mx r 000 0 spa d | ||
| 020 | _a9706077634 | ||
| 035 | _aUPN01000119046 | ||
| 049 | _aLT | ||
| 050 | 4 |
_aLB1631 M6.2 _bZ3.4 1999 |
|
| 100 | 1 | _aZamarrón Terán, Francisco | |
| 245 | 1 | 0 |
_aInteract 2 / _cFrancisco Zamarrón Terán. |
| 250 | _a4a ed. | ||
| 260 |
_aMéxico : _bLarousse, _cc1999. |
||
| 300 |
_a155 p. : _bil. col. |
||
| 650 | 4 |
_aInglés _xEstudio y enseñanza (Secundaria) _95708 |
|
| 902 | _aCAA/cps | ||
| 905 | _aLibro | ||
| 999 |
_c91404 _d91404 |
||